| 000 | 00970nac a22002897a 4500 | ||
|---|---|---|---|
| 001 | BR7803850 | ||
| 003 | BR-BrBNA | ||
| 005 | 20240105114245.0 | ||
| 008 | 230509b bl.|||m| |||| 00| 0 por d | ||
| 040 |
_aBR-BrBNA _bpor _cBiblioteca Nacional de Agricultura |
||
| 072 | _aM10; E70 | ||
| 090 | _a8140 BR7803850 | ||
| 100 | 1 | _aWelcome, R.L. | |
| 100 | 1 | _aRichards, R. | |
| 100 | 1 | _aNeiva, G. de S. | |
| 110 | 1 |
_aPrograma de Pesquisa e Desenvolvimento Pesqueiro do Brasil, Brasilia, DF _97975 |
|
| 245 | 1 | _aRelatorio da missao sobre peixes ornamentais [Comercializacao; Brasil] | |
| 260 | 3 |
_aBrasilia, DF (Brasil): _c1978. |
|
| 300 | _a41 p. | ||
| 490 |
_aDocumentos Traduzidos - Programa de Pesquisa e Desenvolvimento Pesqueiro do Brasil (Brazil) _vno. 9 _x |
||
| 650 | _aProducao pesqueira | ||
| 650 | _aComercializacao | ||
| 650 | _apeixe ornamental | ||
| 650 | _aExportacao | ||
| 909 |
_a202312 _bLúcia Elande _c55 _dLúcia Elande |
||
| 942 |
_2AGRIS _n0 _cMS |
||
| 999 |
_c268302 _d268302 |
||